000 00329nam a22001337a 4500
999 _c12283
_d12283
020 _a9781305965720
082 _a515.35
100 _aDannis G.Zill
245 _aA First Course in Differential Equations with Modeling Applications
250 _a11th
260 _bCengage Learning
_c2017
300 _a 480 pages.
942 _cBK